Score 0/25 Timer 10:00
1 Play Today
% Correct
Iron Man
86%
Ali
78.4%
Paddington
74.4%
Pokémon Detective Pikachu
69.5%
Hocus Pocus
69.1%
Dances with Wolves
67.6%
Harry Potter and the Deathly Hallows - Part I
64.3%
Mamma Mia! Here We Go Again
62.8%
Edward Scissorhands
56.1%
Alien 3
55.7%
Hellraiser
55.3%
Bad Boys
54%
Mission: Impossible - Fallout
50.6%
% Correct
Midsommar
49.9%
Captain Marvel
48.3%
Goodfellas
46.9%
My Neighbor Totoro
46.1%
Hail, Caesar!
40.7%
IT
38.2%
Elysium
34.7%
A.I. Artificial Intelligence
26.5%
Child's Play
24.4%
Crimson Peak
20.2%
30 Days of Night
11.6%
Don't Breathe
8.7%
Remove Ads.
Support Sporcle.
Get the best of Sporcle when you Go Orange. This ad-free experience offers more features, more stats, and more fun while also helping to support Sporcle. Thank you for becoming a member.

You're not logged in!

Compare scores with friends on all Sporcle quizzes.
OR
Log In

Show Comments

Extras

Top Quizzes Today


Score Distribution

Your Account Isn't Verified!

In order to create a playlist on Sporcle, you need to verify the email address you used during registration. Go to your Sporcle Settings to finish the process.

Report this User

Report this user for behavior that violates our Community Guidelines.

Details: